Statistiken für Top 15 Länder mit Covid-19-Todesfällen - 12. Mai

Klicken Sie hier um das Quiz zu spielen!

Allgemein

  • Dieses Quiz wurde 9 mal gespielt
  • Das Durchschnittsergebnis liegt bei 16 aus 21

Antwortstatistiken

Land% Korrekt
China
100%
Frankreich
100%
Italien
100%
Vereinigte Staaten
100%
Brasilien
88%
Deutschland
88%
Spanien
88%
Türkei
88%
Vereinigtes Königreich
88%
Iran
75%
Mexiko
75%
Portugal
75%
Belgien
63%
Irland
63%
Kanada
63%
Niederlande
63%
Schweiz
63%
Schweden
50%
Schweden
50%
Dänemark
38%
Ecuador
38%

Verteilung der Resultate

Perzentil nach korrekt beantworteten Fragen

Anzahl Personen mit jedem Resultat

Ihre Resultats-Entwicklung

Sie haben dieses Quiz noch nicht gespielt